ՀՀ Գիտությունների ազգային ակադեմիայի հիմնարար գիտական գրադարան  =   Fundamental Scientific Library of NAS RA

Nouvelle flore de L'Algerie et des regions desertiques meridionales / (Record no. 121778)

MARC details
000 -LEADER
fixed length control field 00722nam a2200205 u 4500
001 - CONTROL NUMBER
control field 000326291
003 - CONTROL NUMBER IDENTIFIER
control field AM-YeHGA
005 - DATE AND TIME OF LATEST TRANSACTION
control field 20250617130646.0
008 - FIXED-LENGTH DATA ELEMENTS--GENERAL INFORMATION
fixed length control field 040413s2000 |||a||||r 000 0|fre d
040 ## - CATALOGING SOURCE
Original cataloging agency AM-YeHGA
041 0# - LANGUAGE CODE
Language code of text/sound track or separate title fre
090 ## - LOCALLY ASSIGNED LC-TYPE CALL NUMBER (OCLC); LOCAL CALL NUMBER (RLIN)
-- 123131
100 1# - MAIN ENTRY--PERSONAL NAME
Personal name Quezel, P.
245 10 - TITLE STATEMENT
Title Nouvelle flore de L'Algerie et des regions desertiques meridionales /
Statement of responsibility, etc. Par P. Quezel et S. Santa ; avec la collaboration technique de O. Schotter ; Preface du P.L. Emberger.
260 ## - PUBLICATION, DISTRIBUTION, ETC.
Place of publication, distribution, etc. Paris :
Name of publisher, distributor, etc. Editions du Centre Nationale de la Recherche Scientifique.
300 ## - PHYSICAL DESCRIPTION
Extent v.
505 1# - FORMATTED CONTENTS NOTE
Formatted contents note T. I (1962; 565 p., [2] l. ill. : ill.) ; T. II (1963; p. 571-1170)
650 14 - SUBJECT ADDED ENTRY--TOPICAL TERM
Topical term or geographic name entry element Flora
Geographic subdivision Algeria
700 1# - ADDED ENTRY--PERSONAL NAME
Personal name Santa, S.
Relationship joint aut
Holdings
Withdrawn status Lost status Damaged status Not for loan Collection Home library Current library Date acquired Serial enumeration / chronology Total checkouts Full call number Barcode Date last seen Price effective from Koha item type Public note
        General Fundamental Scientific Library Fundamental Scientific Library 22/12/2016 T. I   581.9 320056139 22/12/2016 22/12/2016 Գրքեր / Books 30 Days Loan
        General Fundamental Scientific Library Fundamental Scientific Library 22/12/2016 T. II   581.9 320056140 22/12/2016 22/12/2016 Գրքեր / Books 30 Days Loan


ՀՀ ԳԱԱ հիմնարար գիտական գրադարան
ՀՀ,Երևան 0019
Մարշալ Բաղրամյան 24/6
հեռախոս:(374-10) 52-47-50
Հետադարձ կապ

All site content, except where otherwise noted, is licensed under a
Creative Commons License